000 00702nam a2200229Ia 4500
003 OSt
005 20240802143933.0
008 210716s2016 xx 000 0 und d
020 _a9789385915048
040 _cAIMIT LIBRARY
041 _aeng
082 _a005.73
_2FARA
100 _aFaruqi, Anam.
_9174945
245 _aDesign and analysis of algorithms /
_cBy Anam Faruqi.
250 _a1st ed.
260 _aNew Delhi :
_bCBS Publishers and Distributors ,
_c2016.
300 _avii,262 p.;
_bPB
650 _aTechniques for the design of algorithms
_9174946
650 _aData structures
_9174947
650 _aDesign and analysis of algorithms
_9174948
942 _2ddc
_cBK
_e1st
_k005.73 FARA
999 _c196129
_d196129